La conquista de Nueva España (Record no. 3842)

MARC details
000 -CABECERA
campo de control de longitud fija 00582nam a2200205 a 4500
001 - NÚMERO DE CONTROL
campo de control BRCA_4126
005 - FECHA Y HORA DE LA ÚLTIMA TRANSACCIÓN
campo de control 20190320204543.0
008 - DATOS DE LONGITUD FIJA--INFORMACIÓN GENERAL
campo de control de longitud fija 130410s1853----fr-#######---#000-0#spa-#
041 ## - CÓDIGO DE LENGUA
Código de lengua del texto/banda sonora o título independiente spa
044 ## - CÓDIGO DEL PAÍS DE LA ENTIDAD EDITORA/PRODUCTORA
Código MARC del país fr
050 #4 - SIGNATURA TOPOGRÁFICA DE LA BIBLIOTECA DEL CONGRESO
Número de clasificación F1230
Número de documento/Ítem .D52 1853
100 1# - ENTRADA PRINCIPAL--NOMBRE DE PERSONA
Nombre de persona Diaz del Castillo, Bernal
Fechas asociadas al nombre 1492-1581
9 (RLIN) 10195
245 10 - MENCIÓN DE TÍTULO
Título La conquista de Nueva España
Mención de responsabilidad, etc. Bernal Diaz del Castillo.
260 ## - PUBLICACIÓN, DISTRIBUCIÓN, ETC.
Lugar de publicación, distribución, etc. París
Nombre del editor, distribuidor, etc. Sociedad de Ediciones Louis Michaud
Fecha de publicación, distribución, etc. 1853
300 ## - DESCRIPCIÓN FÍSICA
Extensión 4 v.
Dimensiones 18 cm.
500 ## - NOTA GENERAL
Nota general C154
651 #4 - PUNTO DE ACCESO ADICIONAL DE MATERIA--NOMBRE GEOGRÁFICO
Nombre geográfico México
Subdivisión general Historia
Subdivisión cronológica Conquista, 1519-1540
9 (RLIN) 442
902 ## - CATALOGADOR
Iniciales GFM
942 ## - ELEMENTOS DE PUNTO DE ACCESO ADICIONAL (KOHA)
Fuente del sistema de clasificación o colocación Library of Congress Classification
Tipo de ítem Koha Libros
Holdings
Estado de retiro Estado de pérdida Estado dañado No para préstamo Localización permanente Ubicación/localización actual Fecha de adquisición Número de inventario Total de préstamos Signatura topográfica completa Código de barras Fecha visto por última vez Precio válido a partir de Tipo de ítem Koha
El ejemplar forma parte de la colección y puede ser consultado según las políticas vigentes.       Biblioteca del Museo Franz Mayer (Rogerio Casas-Alatriste) Biblioteca del Museo Franz Mayer (Rogerio Casas-Alatriste) 13/04/2010 C154   F1230 .D52 1853 (C154) 4123 22/03/2019 22/03/2019 Libros